[Event "Belgrade Trophy 36th"]
[Site "Belgrade"]
[Date "2023.11.28"]
[Round "4"]
[White "Gvozdenovic, Milos"]
[Black "Lalic, Mile"]
[Result "1-0"]
[WhiteElo "2057"]
[BlackElo "1840"]
[PlyCount "63"]
[EventDate "2023.11.25"]
[EventType "swiss"]
[EventRounds "9"]
[EventCountry "SRB"]
[SourceTitle "CB49_2023"]
[SourceDate "2023.12.06"]
[SourceVersion "1"]
[SourceVersionDate "2023.12.06"]
[SourceQuality "1"]

1. Nf3 Nf6 2. d4 d5 3. Bf4 Bf5 4. e3 e6 5. c4 Nbd7 6. Nc3 c6 7. Qb3 Qb6 8. c5 Qxb3 9. axb3 Be7 10. b4 a6 11. b5 Nb8 12. Bxb8 Rxb8 13. bxa6 bxa6 14. Ra2 Nd7 15. Bxa6 0-0 16. 0-0 f6 17. Ne1 e5 18. Bd3 Be6 19. Nc2 Rb7 20. b4 Nb8 21. Rfa1 Rc8 22. Ra7 Rcc7 23. Rxb7 Rxb7 24. b5 e4 25. Be2 g6 26. Nb4 Kf7 27. b6 Rxb6 28. cxb6 Bxb4 29. Ra8 Nd7 30. Na4 Ke7 31. b7 Bd6 32. Nc5 1-0

[Event "Belgrade-chT2 Quality"]
[Site "Belgrade"]
[Date "2022.11.12"]
[Round "10.7"]
[White "Djordjevic, Dejan P"]
[Black "Lalic, Mile"]
[Result "1/2-1/2"]
[WhiteElo "1960"]
[BlackElo "1819"]
[PlyCount "86"]
[EventDate "2022.10.15"]
[EventType "team-tourn"]
[EventRounds "13"]
[EventCountry "SRB"]
[SourceTitle "EXT 2024"]
[Source "ChessBase"]
[SourceDate "2023.10.10"]
[SourceVersion "1"]
[SourceVersionDate "2023.10.10"]
[SourceQuality "1"]
[WhiteTeam "Zvezdara Cirilo i Metodije"]
[BlackTeam "Novi Belgrade Technicka"]
[WhiteTeamCountry "SRB"]
[BlackTeamCountry "SRB"]

1. c4 c5 2. Nc3 Nc6 3. Nf3 Nf6 4. g3 g6 5. Bg2 Bg7 6. 0-0 0-0 7. d3 d6 8. Rb1 Rb8 9. a3 a5 10. Bd2 Bd7 11. Nb5 Ne8 12. Qe1 b6 13. Bc3 Nc7 14. Bxg7 Kxg7 15. Qc3+ Kg8 16. Nxc7 Qxc7 17. d4 cxd4 18. Nxd4 Nxd4 19. Qxd4 Bc6 20. b4 Bxg2 21. Kxg2 Rfc8 22. Rfc1 axb4 23. axb4 Ra8 24. Rb2 Ra4 25. h4 b5 26. h5 bxc4 27. hxg6 fxg6 28. Qd5+ Kg7 29. Qe6 Qb7+ 30. e4 c3 31. Rb3 Rc7 32. Rcxc3 Rxc3 33. Rxc3 Rxb4 34. Rf3 Qxe4 35. Qf7+ Kh6 36. Kh2 Qe5 37. Qf8+ Qg7 38. Qe8 Qe5 39. Qf8+ Kg5 40. Rb3 Rh4+ 41. Kg2 Qd5+ 42. Rf3 Re4 43. Kh2 Qe5 1/2-1/2

[Event "Belgrade-chT Quality"]
[Site "Belgrade"]
[Date "2020.10.09"]
[Round "1.7"]
[White "Vukovojac, Marko"]
[Black "Lalic, Mile"]
[Result "0-1"]
[WhiteElo "1926"]
[BlackElo "1997"]
[PlyCount "68"]
[EventDate "2020.10.09"]
[EventType "team-tourn"]
[EventRounds "9"]
[EventCountry "SRB"]
[SourceTitle "EXT 2022"]
[Source "ChessBase"]
[SourceDate "2021.10.06"]
[SourceVersion "1"]
[SourceVersionDate "2021.10.06"]
[SourceQuality "1"]
[WhiteTeam "Belgrade Polet"]
[BlackTeam "Belgrade Tehnicka Skola"]
[WhiteTeamCountry "SRB"]
[BlackTeamCountry "SRB"]

1. d4 c6 2. c4 d5 3. e3 Nf6 4. Nc3 e6 5. Nf3 Nbd7 6. Be2 Bd6 7. 0-0 0-0 8. c5 Bc7 9. Qc2 e5 10. Nd2 Re8 11. b4 a6 12. Bb2 e4 13. f3 exf3 14. Rxf3 Ng4 15. Rh3 Ndf6 16. e4 dxe4 17. Ncxe4 Nxe4 18. Nxe4 Bxh2+ 19. Kf1 Bf5 20. Bxg4 Bxe4 21. Qf2 Bc7 22. Kg1 Qg5 23. Bh5 Bg6 24. Be2 Bf4 25. Kh1 Re3 26. Rxe3 Bxe3 27. Qf3 Re8 28. Rf1 Re4 29. Qh3 Rh4 30. Bg4 Rxh3+ 31. Bxh3 Be4 32. d5 Qg3 33. Be5 Qxh3+ 34. Bh2 Bxg2# 0-1

[Event "Belgrade-chT Quality"]
[Site "Belgrade"]
[Date "2019.10.20"]
[Round "6.5"]
[White "Maksic, Dusan"]
[Black "Lalic, Mile"]
[Result "1/2-1/2"]
[WhiteElo "2001"]
[BlackElo "1933"]
[PlyCount "30"]
[EventDate "2019.10.05"]
[EventType "team-tourn"]
[EventRounds "11"]
[EventCountry "SRB"]
[SourceTitle "EXT 2022"]
[Source "ChessBase"]
[SourceDate "2021.10.06"]
[SourceVersion "1"]
[SourceVersionDate "2021.10.06"]
[SourceQuality "1"]
[WhiteTeam "Banjica"]
[BlackTeam "Belgrade Tehnicka Skola"]
[WhiteTeamCountry "SRB"]
[BlackTeamCountry "SRB"]

1. e4 c6 2. Nc3 d5 3. d4 dxe4 4. Nxe4 Nf6 5. Ng3 Bg4 6. f3 Bh5 7. Nxh5 Nxh5 8. c3 e6 9. Be3 Bd6 10. Qb3 Qc7 11. g3 Nd7 12. Ne2 0-0 13. Qc2 Rfe8 14. f4 Qa5 15. Bg2 Nhf6 1/2-1/2

[Event "Belgrade-chT Quality"]
[Site "Belgrade"]
[Date "2019.10.06"]
[Round "2.6"]
[White "Lalic, Mile"]
[Black "Davidovic, Milorad"]
[Result "1/2-1/2"]
[WhiteElo "1933"]
[BlackElo "1896"]
[PlyCount "36"]
[EventDate "2019.10.05"]
[EventType "team-tourn"]
[EventRounds "11"]
[EventCountry "SRB"]
[SourceTitle "EXT 2022"]
[Source "ChessBase"]
[SourceDate "2021.10.06"]
[SourceVersion "1"]
[SourceVersionDate "2021.10.06"]
[SourceQuality "1"]
[WhiteTeam "Belgrade Tehnicka Skola"]
[BlackTeam "Borca"]
[WhiteTeamCountry "SRB"]
[BlackTeamCountry "SRB"]

1. e4 d5 2. Nc3 d4 3. Nce2 c5 4. d3 Nc6 5. g3 e5 6. Bg2 Bd6 7. f4 Bg4 8. Bh3 Bxe2 9. Nxe2 exf4 10. gxf4 Bxf4 11. Nxf4 Qa5+ 12. Qd2 Nb4 13. 0-0 Qc7 14. Qf2 Nh6 15. a3 Nc6 16. Nd5 Qe5 17. b4 cxb4 18. axb4 Nd8 1/2-1/2

[Event "Belgrade ChessAmateur op 5th"]
[Site "Belgrade"]
[Date "2019.01.06"]
[Round "5"]
[White "Lalic, Mile"]
[Black "Popovic, Nenad"]
[Result "0-1"]
[WhiteElo "1938"]
[BlackElo "2258"]
[PlyCount "60"]
[EventDate "2019.01.04"]
[EventType "swiss"]
[EventRounds "9"]
[EventCountry "SRB"]
[SourceTitle "CBM 188 Extra"]
[Source "ChessBase"]
[SourceDate "2019.02.26"]
[SourceVersion "1"]
[SourceVersionDate "2019.02.26"]
[SourceQuality "1"]

1. e4 c6 2. Nc3 d5 3. g3 dxe4 4. Nxe4 Bf5 5. Bg2 Nf6 6. Nxf6+ gxf6 7. Nf3 Qd7 8. 0-0 Bh3 9. d4 Bxg2 10. Kxg2 Na6 11. Bf4 0-0-0 12. c4 e6 13. Qa4 Bd6 14. Bxd6 Qxd6 15. a3 Kb8 16. b4 Nc7 17. Qb3 h5 18. Rad1 Rdg8 19. a4 h4 20. b5 Rg4 21. bxc6 Qxc6 22. Rb1 Rh5 23. Rfd1 h3+ 24. Kg1 Rf5 25. Rd3 b6 26. d5 exd5 27. cxd5 Nxd5 28. Qb5 Rb4 29. Nd4 Qxb5 30. Rdb3 Rxb3 0-1

[Event "Belgrade Trophy 32nd"]
[Site "Belgrade"]
[Date "2018.11.29"]
[Round "6"]
[White "Musikic, Stefan"]
[Black "Lalic, Mile"]
[Result "1-0"]
[WhiteElo "1805"]
[BlackElo "1993"]
[PlyCount "69"]
[EventDate "2018.11.24"]
[EventType "swiss"]
[EventRounds "9"]
[EventCountry "SRB"]
[SourceTitle "CBM 187 Extra"]
[Source "ChessBase"]
[SourceDate "2018.11.04"]
[SourceVersion "1"]
[SourceVersionDate "2018.11.04"]
[SourceQuality "1"]

1. e4 c6 2. d4 d5 3. Nd2 dxe4 4. Nxe4 Nf6 5. Nxf6+ exf6 6. c3 Bd6 7. Bd3 0-0 8. Qc2 Re8+ 9. Ne2 h6 10. Be3 Qc7 11. 0-0-0 b5 12. Qd2 Nd7 13. Ng3 Nf8 14. Nf5 Bxf5 15. Bxf5 Re7 16. Kb1 Rae8 17. h4 Ng6 18. d5 c5 19. Bxg6 fxg6 20. Qd3 f5 21. Qxb5 f4 22. Bc1 c4 23. Qc6 g5 24. Qxc7 Rxc7 25. hxg5 hxg5 26. f3 Re2 27. Rd2 Rce7 28. Rhd1 Kf7 29. b3 cxb3 30. axb3 Kf6 31. Ka2 R2e3 32. c4 Kf7 33. Ba3 Bxa3 34. Kxa3 g4 35. fxg4 1-0

[Event "Belgrade-chT"]
[Site "Belgrade"]
[Date "2017.05.10"]
[Round "1.1"]
[White "Martic, Ivan"]
[Black "Lalic, Mile"]
[Result "1-0"]
[WhiteElo "2349"]
[BlackElo "2026"]
[PlyCount "141"]
[EventDate "2017.05.10"]
[EventType "team-swiss"]
[EventRounds "5"]
[EventCountry "SRB"]
[SourceTitle "CBM 178 Extra"]
[Source "ChessBase"]
[SourceDate "2017.06.22"]
[SourceVersion "1"]
[SourceVersionDate "2017.06.22"]
[SourceQuality "1"]
[WhiteTeam "Belgrade"]
[BlackTeam "Belgrade Tehnicka Skola"]
[WhiteTeamCountry "SRB"]
[BlackTeamCountry "SRB"]

1. e4 c6 2. d4 d5 3. Nd2 dxe4 4. Nxe4 Nf6 5. Nxf6+ exf6 6. c3 Bd6 7. Bd3 0-0 8. Qc2 Re8+ 9. Ne2 g6 10. h4 Nd7 11. h5 Nf8 12. Be3 Bg4 13. hxg6 hxg6 14. 0-0-0 Bxe2 15. Qxe2 Ne6 16. Qg4 f5 17. Bxf5 Qf6 18. Bxe6 Rxe6 19. d5 cxd5 20. Rxd5 Rae8 21. Bd4 Be5 22. Rxe5 Rxe5 23. Bxe5 Qxe5 24. Qh4 Qg7 25. f4 f6 26. Qf2 Qc7 27. Qd4 Kg7 28. Rd1 Re7 29. g4 Qa5 30. a3 a6 31. Qd6 Rf7 32. Re1 Qc7 33. Re6 a5 34. a4 Rd7 35. Qxc7 Rxc7 36. Rd6 Kf7 37. Kd2 Ke7 38. Rd5 b6 39. Kd3 Ke6 40. Rb5 Rc6 41. b3 f5 42. Re5+ Kf6 43. g5+ Kf7 44. b4 axb4 45. cxb4 Rc1 46. Rb5 Ra1 47. Rxb6 Rxa4 48. Kc4 Ra7 49. Rf6+ Kg7 50. Rd6 Rc7+ 51. Kb5 Kf7 52. Rd4 Ke6 53. Kb6 Rc2 54. b5 Re2 55. Kc5 Rc2+ 56. Rc4 Re2 57. b6 Kd7 58. Kd5 Rd2+ 59. Rd4 Rc2 60. Rc4 Rd2+ 61. Kc5 Kc8 62. Kc6 Re2 63. Kd5+ Kb7 64. Rc7+ Kxb6 65. Rc6+ Kb7 66. Rxg6 Re4 67. Rf6 Rxf4 68. Ke5 Rf1 69. Rxf5 Re1+ 70. Kf6 Kc7 71. Rd5 1-0

[Event "Belgrade-ch"]
[Site "Belgrade"]
[Date "2016.01.28"]
[Round "6"]
[White "Abramovic, Bosko"]
[Black "Lalic, Mile"]
[Result "1-0"]
[WhiteElo "2415"]
[BlackElo "1991"]
[PlyCount "54"]
[EventDate "2016.01.23"]
[EventType "swiss"]
[EventRounds "9"]
[EventCountry "SRB"]
[SourceTitle "EXT 2017"]
[Source "ChessBase"]
[SourceDate "2016.10.25"]
[SourceVersion "1"]
[SourceVersionDate "2016.10.25"]
[SourceQuality "1"]

1. Nf3 Nf6 2. c4 d5 3. cxd5 Qxd5 4. Nc3 Qd8 5. d4 e6 6. e4 Be7 7. Bd3 0-0 8. 0-0 Nbd7 9. Qe2 Re8 10. Bg5 c6 11. Rfe1 Nf8 12. Bf4 Ng6 13. Bc1 Qc7 14. g3 Bd7 15. e5 Nd5 16. h4 Nxc3 17. bxc3 Nf8 18. h5 h6 19. Nh2 Qd8 20. Ng4 Bg5 21. Bxg5 Qxg5 22. f4 Qe7 23. Ne3 b5 24. Rf1 Rec8 25. Be4 a5 26. Kg2 b4 27. d5 exd5 1-0

[Event "Belgrade tt Cup"]
[Site "Belgrade"]
[Date "2015.04.20"]
[Round "1.3"]
[White "Milic, Dragan"]
[Black "Lalic, Mile"]
[Result "1/2-1/2"]
[WhiteElo "2090"]
[BlackElo "2012"]
[PlyCount "56"]
[EventDate "2015.04.20"]
[EventType "team-swiss"]
[EventRounds "5"]
[EventCountry "SRB"]
[SourceTitle "CBM 166 Extra"]
[Source "ChessBase"]
[SourceDate "2015.06.18"]
[SourceVersion "1"]
[SourceVersionDate "2015.06.18"]
[SourceQuality "1"]
[WhiteTeam "PTT"]
[BlackTeam "Bratstvo i Jedinstvo"]
[WhiteTeamCountry "SRB"]
[BlackTeamCountry "SRB"]

1. d4 d5 2. c4 c6 3. Nf3 Nf6 4. Nc3 e6 5. e3 Nbd7 6. Bd3 Bd6 7. 0-0 0-0 8. b3 e5 9. cxd5 cxd5 10. e4 dxe4 11. Nxe4 Nxe4 12. Bxe4 exd4 13. Qxd4 Be7 14. Bb2 Bf6 15. Qd2 Bxb2 16. Qxb2 Nf6 17. Rad1 Qa5 18. Nd2 Nxe4 19. Nxe4 Be6 20. Qd2 Qxd2 21. Rxd2 Rad8 22. Rfd1 Rxd2 23. Rxd2 Rc8 24. f3 Kf8 25. Kf2 Ke7 26. Ke3 Rc6 27. Ng5 f6 28. Nxe6 Rxe6+ 1/2-1/2

[Event "Belgrade-chT Quality"]
[Site "Belgrade"]
[Date "2012.11.02"]
[Round "11.2"]
[White "Lalic, Mile"]
[Black "Janjic, Stefan"]
[Result "1-0"]
[WhiteElo "2074"]
[BlackElo "1900"]
[PlyCount "81"]
[EventDate "2012.10.13"]
[EventType "team-tourn"]
[EventRounds "11"]
[EventCountry "SRB"]
[SourceTitle "EXT 2019"]
[Source "ChessBase"]
[SourceDate "2018.10.10"]
[SourceVersion "1"]
[SourceVersionDate "2018.10.10"]
[SourceQuality "1"]

1. e4 e6 2. d4 d5 3. exd5 exd5 4. Bd3 h6 5. Nf3 c5 6. c3 c4 7. Bc2 Nf6 8. 0-0 Be7 9. Bf4 0-0 10. Nbd2 Bg4 11. h3 Bd6 12. Bxd6 Bxf3 13. Nxf3 Qxd6 14. Ne5 Nc6 15. f4 Rfe8 16. Qf3 Re7 17. Rae1 Rae8 18. Re2 Nd7 19. Qh5 Nf6 20. Qf3 Nd7 21. Bf5 Nf8 22. Rfe1 f6 23. Ng6 Rxe2 24. Rxe2 Rxe2 25. Qxe2 Nxg6 26. Bxg6 Qe7 27. Qf2 Qe6 28. f5 Qd7 29. Qf4 Kf8 30. Qg3 a5 31. Bh5 Qxf5 32. Qd6+ Kg8 33. Bg4 Qb1+ 34. Kh2 Qe4 35. Be6+ Kh7 36. Bxd5 Qe7 37. Qf4 g5 38. Qf5+ Kg7 39. Bxc4 Qc7+ 40. Kh1 Nxd4 41. Qd5 1-0

[Event "Belgrade-chT Quality"]
[Site "Belgrade"]
[Date "2012.10.30"]
[Round "8.3"]
[White "Milicevic, Predrag I"]
[Black "Lalic, Mile"]
[Result "1/2-1/2"]
[WhiteElo "2158"]
[BlackElo "2074"]
[PlyCount "31"]
[EventDate "2012.10.13"]
[EventType "team-tourn"]
[EventRounds "11"]
[EventCountry "SRB"]
[SourceTitle "EXT 2019"]
[Source "ChessBase"]
[SourceDate "2018.10.10"]
[SourceVersion "1"]
[SourceVersionDate "2018.10.10"]
[SourceQuality "1"]

1. Nf3 c6 2. c4 Nf6 3. Nc3 d5 4. d4 e6 5. cxd5 exd5 6. Qc2 Be7 7. Bg5 0-0 8. e3 Re8 9. Bd3 Nbd7 10. 0-0 Nf8 11. Bxf6 Bxf6 12. b4 Bd7 13. a4 Be7 14. Rab1 Bd6 15. Bf5 Qf6 16. Bxd7 1/2-1/2

[Event "Belgrade-chT Quality"]
[Site "Belgrade"]
[Date "2012.10.20"]
[Round "3"]
[White "Lalic, Mile"]
[Black "Petronic, Sanja"]
[Result "1/2-1/2"]
[WhiteElo "2074"]
[BlackElo "2234"]
[PlyCount "103"]
[EventDate "2012.10.13"]
[EventType "team-tourn"]
[EventRounds "11"]
[EventCountry "SRB"]
[SourceTitle "EXT 2019"]
[Source "ChessBase"]
[SourceDate "2018.10.10"]
[SourceVersion "1"]
[SourceVersionDate "2018.10.10"]
[SourceQuality "1"]

1. e4 e5 2. Nf3 Nc6 3. Bc4 Nf6 4. d4 exd4 5. e5 d5 6. Bb5 Ne4 7. 0-0 Bd7 8. Bxc6 bxc6 9. Nxd4 Bc5 10. Nc3 Nxc3 11. bxc3 0-0 12. Qh5 f6 13. Bf4 fxe5 14. Bxe5 Bd6 15. Rae1 Qe8 16. Qg5 Bxe5 17. Rxe5 Qg6 18. Qxg6 hxg6 19. Rfe1 Rab8 20. h4 Rb2 21. a4 Ra2 22. Rb1 Rxa4 23. Re7 Rd8 24. Rb7 Kf8 25. Re3 Rc8 26. g3 Ra1+ 27. Kg2 c5 28. Ne6+ Bxe6 29. Rxe6 Ra3 30. Re3 Ra2 31. Rb5 d4 32. Rf3+ Ke7 33. Rxc5 Rxc2 34. cxd4 Rxc5 35. dxc5 a5 36. Ra3 Ra8 37. Kf3 Ra6 38. Ke4 Ke6 39. Ra4 c6 40. f4 Kf6 41. g4 Ke6 42. f5+ gxf5+ 43. gxf5+ Kf6 44. Kf4 Ra8 45. h5 Rh8 46. Kg4 Rb8 47. Rxa5 Rb4+ 48. Kf3 Rc4 49. Ke3 Kxf5 50. Kd3 Rc1 51. Kd2 Rc4 52. Kd3 1/2-1/2